Estatísticas para 50 cidades brasileiras com o maior IDHM

Clique aqui para jogar o quiz

Estatísticas Gerais

  • Esse quiz foi jogado 57 vezes
  • A pontuação média é 21 de 50

Estatísticas das Respostas

IDHEstadoResposta% Correto
0,805SPSão Paulo
98%
0,799RJRio de Janeiro
94%
0,810MGBelo Horizonte
91%
0,823PRCuritiba
89%
0,847SCFlorianópolis
89%
0,805SPCampinas
87%
0,824DFBrasília
81%
0,845ESVitória
81%
0,805RSPorto Alegre
77%
0,862SPSão Caetano do Sul
70%
0,799GOGoiânia
68%
0,837RJNiterói
68%
0,840SPSantos
68%
0,809SCSão José
68%
0,809SCJoinville
66%
0,800SPRibeirão Preto
66%
0,815SPSanto André
66%
0,805SPSão Bernardo do Campo
66%
0,845SCBalneário Camboriú
64%
0,806SCBlumenau
62%
0,800ESVila Velha
45%
0,798SPSorocaba
43%
0,822SPJundiaí
40%
0,801SPBauru
38%
0,808PRMaringá
36%
0,806SPPresidente Prudente
36%
0,807SPSão José dos Campos
34%
0,800SPTaubaté
30%
0,800SPBotucatu
26%
0,798SPMarília
26%
0,811SPAmericana
23%
0,798SPGuaratinguetá
23%
0,803SPRio Claro
21%
0,805SPSão Carlos
21%
0,819SPValinhos
21%
0,817SPVinhedo
21%
0,815SPAraraquara
19%
0,805SPAssis
19%
0,813MGNova Lima
15%
0,854SPÁguas de São Pedro
13%
0,814SPSantana de Parnaíba
11%
0,803SCJaraguá do Sul
9%
0,801SCSão Miguel do Oeste
9%
0,797SPFernandópolis
6%
0,812SPIlha Solteira
6%
0,801SPPirassununga
6%
0,802SCRio do Sul
6%
0,800SCConcórdia
4%
0,827SCJoaçaba
4%
0,806SCRio Fortuna
4%

Distribuição das Pontuações

Percentil de Números Respondidos

Porcentagem de Pessoas com Cada Pontuação

Sua Pontuação Histórica

Você não jogou esse quiz